Globálne dôsledky finančnej krízy a perspektíva nových trhov
Perspektíva krajín s novovznikajúcimi trhmi podľa analýzy Financovanie svetového rozvoja, ktorú vypracovala Svetová banka: prognózy hospodárskeho rastu, finančné toky a zdroje, priame investície, makroekonomická politika.
Salvato in:
| Autore principale: | |
|---|---|
| Natura: | Capitolo di libro |
| Lingua: | slovacco |
| Soggetti: | |
| Tags: |
Nessun Tag, puoi essere il primo ad aggiungerne!!
|
MARC
| LEADER | 00000naa a2200000 4500 | ||
|---|---|---|---|
| 001 | r035648 | ||
| 005 | 20230824101754.8 | ||
| 041 | 0 | |a slo | |
| 044 | |a SK | ||
| 245 | 1 | 0 | |a Globálne dôsledky finančnej krízy a perspektíva nových trhov |c Juraj Žilinský |
| 520 | |a Perspektíva krajín s novovznikajúcimi trhmi podľa analýzy Financovanie svetového rozvoja, ktorú vypracovala Svetová banka: prognózy hospodárskeho rastu, finančné toky a zdroje, priame investície, makroekonomická politika. | ||
| 610 | 2 | 0 | |a rozvoj hospodársky |
| 610 | 2 | 0 | |a svet |
| 610 | 2 | 0 | |a trh |
| 610 | 2 | 0 | |a rast hospodársky |
| 610 | 2 | 0 | |a prognózy hospodárske |
| 610 | 2 | 0 | |a zdroje finančné |
| 610 | 2 | 0 | |a investície priame zahraničné |
| 610 | 2 | 0 | |a makroekonomika |
| 100 | 1 | |a Žilinský, Juraj | |